00682cam a22002651 4500001001300000003000400013005001700017008004100034010001700075035002000092040001800112042001200130050002400142100004100166245003200207260001100239300002600250500001400276700002800290740001800318740002000336740002500356740001800381999001700399sa 63000732 DLC20260227111923.0891016s1962 ii 000 0 hino  asa 63000732  a(OCoLC)20498014 aDLCcWaUdDLC apremarc00aPK2095.M3bJ32 19620 aMalik Muhammad Jayasi,dactive 1540.00aJāyasī granthāvalī. c[1962] a3, 4, 1078 p.c23 cm. aIn Hindi.1 aSharma, Rajnath,d1922-0 aPadamāvata.0 aAkharāvaṭa.0 aĀkhirī kalāma.0 aCitrarekhā. c53595d53595